000 02248nam0a2200373 4500
001 RU\NLR\BIBL_A\022531303
005 20260408131425.0
035 _a(NLR Aleph) 022531303
090 _a13403839
_c13403839
100 _a20250425d2021 |||y0rusy50 ca
101 0 _arus
102 _aRU
105 _aac z 000zy
181 0 _ab3
_bxb2e
181 0 _ai2
_baxxe
182 0 _an
200 1 _aБуду корабелом
_eэкскурсия по морскому музею
_e[детская иллюстрированная книга по истории кораблестроения и кораблестроительных специальностей]
_fАкционерное общество Невское проектно-конструкторское бюро
_g[автор-составитель – Анатолий Раздолгин
_gиллюстрации – Валерий Корнилов]
203 _aИзображение
_aТекст
_bвизуальные
_cнепосредственные
210 _aСанкт-Петербург
_cШтандарт
_d2021
215 _a93, [1] с.
_cил., цв. ил., портр.
_d23×31
225 1 _aДетская научно-историческая библиотека "Корабли и верфи"
601 0 2 _aЦентральный военно-морской музей
_cСанкт-Петербург, город
_jИздания для детей
_92201854
_3RU\NLR\AUTH\661323091
606 1 _aВоенное кораблестроение
_jИздания для детей
_92243021
_3RU\NLR\AUTH\661345816
686 0 _aШ9
_bЦ
702 1 _4220
_aРаздолгин
_bА.А.
_f1950-
_gАнатолий Александрович
_3RU\NLR\AUTH\770127945
_9127919
702 1 _aКорнилов
_bВ.
_gВалерий
_4440
711 0 2 _aЦентральный военно-морской музей
_cСанкт-Петербург
_9388534
_3RU\NLR\AUTH\889946478
712 0 2 _4570
_aНевское проектно-конструкторское бюро
_cСанкт-Петербург
_3RU\NLR\AUTH\880539213
_9742113
942 _cBOOK
980 _aNB